00693nam a2200229 a 4500001001300000003000900013005001700022008004100039020002300080082001500103100002200118245006500140260003300205300000900238500003500247650001100282700002200293902000800315942000700323952011600330999001700446nice12345678IN_TiNIC20260116014349.0100406s2005 usaa grp 000 0 eng  a9781932805178c15000a224.1bLEO aLeod, F Wayne Mac aIsaiahb Messages of Judgment, Cleansing, and Messianic Hope aUSA bAuthentic Media c2005 a276p aincludes index and biblioraphy aIsaiah1 aLeod, F Wayne Mac bSRS cBK 001040708StackRoom-aHMIbHMId2010-04-13g150.00l0o224.1 LEOp023247r2010-04-13v150.00w2010-04-06yBK c14994d14994